书目信息 |
| 题名: |
离散数学提要及习题解答
|
|
| 作者: | 李盘林 著 | |
| 分册: | ||
| 出版信息: | 北京 高等教育出版社 2005.12 |
|
| 页数: | 209页 | |
| 开本: | 25cm | |
| 丛书名: | ||
| 单 册: | ||
| 中图分类: | O158 | |
| 科图分类: | ||
| 主题词: | 数论 | |
| 电子资源: | ||
| ISBN: | 7-04-017554-1 | |
| 000 | 00613 nam 000229 | |
| 001 | 012000000552 | |
| 005 | 20070901161613.43 | |
| 010 | @a7-04-017554-1@dCNY18.70 | |
| 100 | @a20070717d2005 em y0chiy0121 ea | |
| 101 | @achi | |
| 102 | @aCN@b110000 | |
| 105 | @ay z 000yy | |
| 200 | 10 | @a离散数学提要及习题解答@9li san shu xue di yao ji xi ti jie da@f李盘林著@Fli pan lin zhu |
| 205 | @a2版 | |
| 210 | @a北京@c高等教育出版社@d2005.12 | |
| 215 | @a209页@d25cm | |
| 606 | @a数论 | |
| 690 | @aO158@v4 | |
| 701 | 0 | @a李盘林@9li pan lin@4著 |
| 801 | @aCN@c20070901 | |
| 901 | @a000002 | |
| 905 | @dO158@eL2201 | |
| 离散数学提要及习题解答/李盘林著.-2版.-北京:高等教育出版社,2005.12 |
| 209页;25cm |
| ISBN 7-04-017554-1:CNY18.70 |
| ● |
| 相关链接 |
|
|
|
正题名:离散数学提要及习题解答
索取号:O158/L2201
 
预约/预借
| 序号 | 登录号 | 条形码 | 馆藏地/架位号 | 状态 | 备注 |
| 1 | 643167 | 206431672 | 自科二线504/504自科库 48排1列2层/ [索取号:O158/L2201] | 在馆 | |
| 2 | 643168 | 206431681 | 自科二线504/504自科库 48排1列2层/ [索取号:O158/L2201] | 在馆 | |
| 3 | 643169 | 206431690 | 自科二线504/504自科库 48排1列2层/ [索取号:O158/L2201] | 在馆 |